000 00651nam a2200181Ia 4500
008 100917s9999 xx 000 0 und d
082 _b43436
100 _aप्रज्ञानंद सरस्वती
245 _aश्रीगुरूगीता प्रबोधिनी
260 _bसंतसेवा हंस मंडळ
_c1980
300 _a52
365 _b4
520 _aअध्यात्म
630 _aश्रीगुरूगीता प्रबोधिनी
650 _aअध्यात्म
730 _aश्रीगुरूगीता प्रबोधिनी
942 _cBOOK
999 _c648830
_d648827